Krídla

Bibliographic Details
Main Author: Pike, Aprilynne (Author)
Other Authors: Kôpka, František (prekladateľ) (Translator)
Format: Book
Language:Slovak
English
PhysicalDescription:294 s. 22 cm
Published: Bratislava Fortuna Libri 2011
ISBN:9788089379835
Edition:1. vyd.
Series:Fortuna Teen
Subjects:

MARC

LEADER 00000cam a2200000 a 4500
001 vtls010322418
003 SK-MaSNL
005 20260302011954.0
008 240314s2011 xo g 000 f slo
015 |a SNBA2012/02-00935 
020 |a 9788089379835  |q (viaz.) 
035 |a 6028F154-22A2-4F44-9A72-6D8CC72CF63C 
035 |a urn:nbn:sk:snk-amjiz7 
035 |a urn:nbn:sk:snk-am000wzw 
040 |a SNK  |b slo  |c SNK  |e AACR2 
041 1 |a slo  |h eng 
044 |a xo  |c SK 
072 7 |a 821.111(73)-3  |x Americká próza  |2 konspekt 
072 7 |a 821-93  |x Literatúra pre deti a mládež (beletria)  |2 konspekt 
080 |a 821.111(73)-31  |2 2001 
080 |a (0:82-312.9)  |2 2001 
080 |a 821-93  |2 2001 
100 1 |a Pike, Aprilynne  |4 aut  |9 601502 
240 1 0 |a Wings  |l Slovensky 
245 1 0 |a Krídla  |c Aprilynne Pikeová ; [preložil František Kôpka] 
250 |a 1. vyd. 
260 |a Bratislava  |b Fortuna Libri  |c 2011 
300 |a 294 s.  |c 22 cm 
490 1 |a Fortuna Teen 
655 7 |a americké romány  |2 SNKPH  |9 1174 
655 7 |a fantasy romány  |2 SNKPH  |9 121434 
655 7 |a American fiction  |2 SNKPHeng  |9 281076 
655 7 |a Fantasy novels  |2 SNKPHeng  |9 248525 
655 7 |a publikácie pre mládež  |2 SNKPH  |9 70434 
655 7 |a Juvenile literature  |2 SNKPHeng  |9 278419 
700 1 |a Kôpka, František  |c (prekladateľ)  |4 trl  |9 218853 
830 0 |a Fortuna Teen  |9 332741 
919 |a 978-80-89379-83-5 
958 |a LX 
958 |a UP 
958 |a DB 
968 |b ENG  |d 821 
999 |c 1008009  |d 1009939 
952 |a SNK  |b SNK  |y PREZ  |7 0  |p 17A0773524  |o snkSC 147499/1  |i snk2011/23213  |8 0  |0 0  |1 0  |4 0  |d 2011-11-23  |l 0  |r 2025-07-16 00:00:00  |w 2026-02-24 
952 |a SNK  |b SNK  |y PREZ  |7 0  |p 17A0833879  |o snkSC 147499/1 D1  |i snk2011/24391  |8 0  |0 0  |1 0  |4 0  |d 2011-12-12  |f 1  |l 0  |r 2026-02-24 12:42:05  |w 2026-02-24